| 000 | 00747nam a22002177a 4500 | ||
|---|---|---|---|
| 005 | 20100807102334.0 | ||
| 010 | _aENG-98697 | ||
| 020 |
_a9788189985134 _c200.00 |
||
| 020 |
_a8189985132 _c200.00 |
||
| 035 | _aEN-82229 | ||
| 037 | _bDBAD/PUB | ||
| 082 | _a338.04092 | ||
| 100 |
_aGayathri, J. _98207 |
||
| 245 |
_aEntrepreneurial development/ _cby J. Gayathri |
||
| 260 |
_aChennai _bMayura Books _c2009 |
||
| 270 |
_aNO.12/1, East Mada Street, Mylapore _bChennai _e600004 |
||
| 300 |
_a125p. _c20cm (pbk) |
||
| 650 |
_aEntrepreneuts _98208 |
||
| 942 |
_2ddc _cEN _h338.04092 _mGAY |
||
| 999 |
_c39953 _d39953 |
||